Plano del establecimiento agrícola El Carmelo, fundado en Barcelona por su propietario Don Ventura de Vidal. (Record no. 192409)

MARC details
000 -LEADER
campo de control de longitud fija 01113nam a2200229 i 4500
001 - NÚMERO DE CONTROL
campo de control 192409
003 - IDENTIFICADOR DE NÚMERO DE CONTROL
campo de control ES-MaACL
005 - FECHA Y HORA DE LA ÚLTIMA TRANSACCIÓN
campo de control 20230906224214.0
008 - DATOS DE LONGITUD FIJA--INFORMACIÓN GENERAL
campo de control de longitud fija 221213s1860 sp aef 000 0 spa d
080 ## - NÚMERO DE LA CLASIFICACIÓN DECIMAL UNIVERSAL
Número de la Clasificación Decimal Universal 582.091(460)
245 00 - MENCIÓN DEL TÍTULO
Título Plano del establecimiento agrícola El Carmelo, fundado en Barcelona por su propietario Don Ventura de Vidal.
260 ## - PUBLICACIÓN, DISTRIBUCIÓN, ETC.
Lugar de publicación, distribución, etc. Madrid :
Nombre del editor, distribuidor, etc. [s.n.],
Fecha de publicación, distribución, etc. 1860 (
Fabricante Imp. de J. Viñas)
300 ## - DESCRIPCIÓN FÍSICA
Extensión VI, 20, 75 p., [2] h. de lám., [4] h. de planos :
Otras características físicas il. ;
Dimensiones 21 cm.
505 8# - NOTA DE CONTENIDO CON FORMATO
Nota de contenido con formato Contiene: Primera parte del catálogo del Carmelo. Sección primera: árboles y arbustos frutales = Arvores e arbustos de frutas . Parte segunda del catálogo del Carmelo. Sección primera: árboles y arbustos de adorno y florestales de hojas caducas = Arvores e arbustos de adorno e monteiros de folhias caducas
546 ## - NOTA DE IDIOMA
Nota de lengua/lenguaje Texto en español y portugués.
594 ## - Nota al título y mención de responsabilidad
Nota al título y mención de responsabilidad Port. enc. al final del texto
597 ## - NOTA DE DESCRIPCIÓN FÍSICA
NOTA DE DESCRIPCIÓN FÍSICA Texto a dos columnas
650 #4 - PUNTO DE ACCESO ADICIONAL DE MATERIA--TÉRMINO DE MATERIA
Término de materia o nombre geográfico como elemento de entrada Árboles-
Subdivisión de forma Catálogos.
9 (RLIN) 159137
650 #4 - PUNTO DE ACCESO ADICIONAL DE MATERIA--TÉRMINO DE MATERIA
Término de materia o nombre geográfico como elemento de entrada Árboles-
Subdivisión geográfica España.
9 (RLIN) 156753
650 #4 - PUNTO DE ACCESO ADICIONAL DE MATERIA--TÉRMINO DE MATERIA
Término de materia o nombre geográfico como elemento de entrada Arbustos-
Subdivisión geográfica España.
9 (RLIN) 156754
852 4# - LOCALIZACIÓN
Ubicación ES-MaACL
Número de control de estantería T-56-F-5
Holdings
Estatus retirado Estado de pérdida Estado de daño No para préstamo Colección Biblioteca de origen Biblioteca actual Ubicación en estantería Fecha de adquisición Fuente de adquisición Total de préstamos Signatura topográfica completa Código de barras Visto por última vez Precio de reemplazo Tipo de ítem Koha
        Colección de folletos Biblioteca del Ateneo de Madrid Biblioteca del Ateneo de Madrid Depósito folletos 13/12/2022     T-56-F-5 1204962 23/02/2023 23/02/2023 Folleto